| 000 | 00564nam a22001337a 4500 | ||
|---|---|---|---|
| 999 |
_c532027 _d532027 |
||
| 008 | 251127b ||||| |||| 00| 0 eng d | ||
| 100 |
_aLamarr, Kheinkor _958020 |
||
| 245 | _aAmita Singh, disaster law: Principles and practice | ||
| 260 | _aIndian Journal of Public Administration | ||
| 300 | _a71(3), Sep, 2025: p.667-669 | ||
| 520 | _a 2025, 195 pp., ₹525, Eastern Book Company. ISBN: 9789348179272.- Reproduced https://journals.sagepub.com/doi/full/10.1177/00195561251367631 | ||
| 773 | _aIndian Journal of Public Administration | ||
| 942 | _cAR | ||